| 000 | 00739nam a2200217 i 4500 | ||
|---|---|---|---|
| 001 | 63487 | ||
| 003 | ES-MaACL | ||
| 005 | 20230906164902.0 | ||
| 007 | t| | ||
| 008 | 031211s1968 sp ||||1| spa d | ||
| 080 | _a616.711-007.55 | ||
| 100 | 1 |
_aFerrer Torrelles, M. _950500 |
|
| 245 | 1 | 0 |
_aEscoliosis / _cpor M. Ferrer Torrelles, M.T. Ceballos Saenz de Cenzano, M. Palazón de Barreda. |
| 260 |
_aMadrid : _bFundación Jiménez Díaz, _c[1968] |
||
| 300 |
_a290 p., 12 lám. : _bil. ; _c24 cm. |
||
| 650 | 0 | 4 |
_aColumna vertebral- _xAnomalías y malformaciones. _911154 |
| 650 | 4 |
_aEscoliosis. _9147021 |
|
| 700 | 1 |
_aCeballos Saenz de Cenzano, M. T. _9143270 |
|
| 700 | 1 |
_aPalazón de Barreda, M. _988518 |
|
| 852 |
_aES-MaACL _jC-37963 |
||
| 999 |
_c63487 _d63487 |
||